24 Green Movie Posters Quiz Stats

Quiz Updated Mar 19, 2016

Challenge
Share
Tweet
Score 0/24 Timer 06:00
0 Plays Today
Movie % Correct
Shrek
97.1%
Madagascar: Escape 2 Africa
93.4%
A Bug's Life
92.3%
Green Lantern
92%
Alice in Wonderland (2010)
91.8%
Pirates of the Caribbean: Dead Man's Chest
91.3%
Tangled
86.2%
The Matrix Revolutions
84.5%
Easy A
76%
Amélie
73.3%
Knocked Up
67.2%
The Perks of Being a Wallflower
63.2%
Movie % Correct
Over the Hedge
61.9%
Boyhood
54.7%
Van Helsing
52.6%
9
34.7%
Leap Year
32.4%
The Other Boleyn Girl
32.2%
Sideways
31.2%
Movie 43
21.2%
Seven Psychopaths
15.9%
Filth
10.6%
Four Lions
6.8%
Break Point
1.4%

You're not logged in!

Compare scores with friends on all Sporcle quizzes.
Join for Free
OR
Log In

You Might Also Like...

Show Comments

Extras

Top Quizzes Today


Score Distribution

Your Account Isn't Verified!

In order to create a playlist on Sporcle, you need to verify the email address you used during registration. Go to your Sporcle Settings to finish the process.

Report this User

Report this user for behavior that violates our Community Guidelines.

Details: